Updated Top 5 Cities in Utah by Population - Statistics

General Stats
  • This quiz has been taken 40 times
  • The average score is 4 of 5
Answer Stats
County City % Correct
Salt lake Salt Lake City
100%
Utah Provo
94%
Salt lake West Valley City
69%
Utah Orem
54%
Salt lake West Jordan
54%
No matching quizzes found
Score Distribution
Percent of People with Each Score
Percentile by Number Answered
Your Score History
You have not taken this quiz